000 00679nam a22001937a 4500
005 20251108174922.0
008 250721s1999 xx 000 0 ara d
082 1 4 _a636/دجو
100 1 _aالدجوى، على
_eمؤلف
245 1 0 _aالدليل التطبيقي لتنمية الثروة الحيوانية والداجنة والأسماك ونحل العسل ودودة القز /
264 1 _aالقاهرة :
_bمكتبة مدبولي،
_c1999.
300 _a2ج.
650 1 7 _aرعاية الحيوان
650 1 7 _aتربية الطيور
650 1 7 _aتربية النحل
650 1 7 _aتربية الحيوان
942 _2ddc
_cBK
999 _c121487
_d121487